00913nam a2200241 i 4500001000700000003000900007005001700016008004100033020002200074080002100096080002100117100001800138245013900156250001200295260006200307300004700369500002700416504003400443600001800477700003100495700003200526852011300558179280ES-MaACL20240201191801.0111020s2010 sp |||| |bspa d a978-84-936813-3-3 a929 Arce, Manuel a821.134.2-94"19"1 aArce, Manuel.14aLos papeles de una vida recobrada / cManuel Arce ; [prólogo, Germán Gullón ; índice onomástico, Jesús Herrán Ceballos]. a1ª ed. aVillanueva de Villaescusa, Cantabria : bValnera, c2010. a1462 p. : bil. col. y n., fot. ; c25 cm. aÍndice onomástico. aReferencias bibliográficas.14aArce, Manuel.1 aGullón, Germán,d1945-1 aHerrán Ceballos, Jesús. aES-MaACLjA-11648bR.146900cDEPO1dOlim: N-4653zDedicatoria autógrafa del autorxDonación: Manuel Arce